000
00419nam a2200133Ia 4500
008
100328s9999 xx 000 0 und d
082
_b
61110
100
_a
बोरगावकर रा.म.
245
_a
निशब्द पाऊलवाट.
260
_b
माुश्री.
630
_a
निशब्द पाऊलवाट.
730
_a
निशब्द पाऊलवाट.
942
_c
BOOK
999
_c
547215
_d
547212